Countries that bordered Poland before WWII - Statistics

General Stats
  • This quiz has been taken 488 times
    463 since last reset
  • The average score is 7 of 9
Answer Stats
Km of border Answer % Correct
1912km Germany
100%
507km Lithuania
88%
984km Czechoslovakia
86%
1412km USSR
79%
180km Hungary
78%
349km Romania
77%
109km Latvia
75%
541km Slovakia
54%
121km Danzig
46%
No matching quizzes found
Score Distribution
Percent of People with Each Score
Percentile by Number Answered
Your Score History
You have not taken this quiz since the last reset